The science of mind

Αποθηκεύτηκε σε:
Λεπτομέρειες βιβλιογραφικής εγγραφής
Κύριος συγγραφέας: Holmes, Ernest, 1887-1960
Μορφή: Βιβλίο
Γλώσσα:English
Δημοσίευση: New York : G.P. Putnam's Sons, [c1988]
Έκδοση:50η έκδ.
Θέματα:
Ετικέτες: Προσθήκη ετικέτας
Δεν υπάρχουν, Καταχωρήστε ετικέτα πρώτοι!

MARC

LEADER 00000cam a2200000 i 4500
001 1/30256
008 060526s1988 eng d
020 |a 0-399-15007-2 
035 |l 10084102 
040 |a GR-MY-UA  |b gre  |e aacr 
041 0 |a eng 
082 0 |a 299.93  |2 (22) 
100 1 |a Holmes, Ernest,   |d 1887-1960. 
245 1 4 |a The science of mind /  |c Ernest Holmes 
250 |a 50η έκδ. 
260 |a New York :   |b G.P. Putnam's Sons,   |c [c1988] 
300 |a 668 σ.;  |c 24 εκ. 
504 |a Περιλαμβάνει ευρετήριο 
610 2 0 |a United Church of Religious Science  |x Doctrines. 
650 0 0 |a New Thought. 
852 |a INST  |b RHODES  |c KRI  |e 20060526  |h  299.93 HOL  |p 005400020697  |q 005400020697  |t BK  |y 0 
901 |a BIBL4-2006-2 
909 |a Ρ  |b 123737 
970 |a ΚΟΖΑ  |b ΜΑΡΙΑ  |z 2006/05/26